00309pam a2200121 a 4500020002400000041000500024082001100029100002300040245007000063250001200133260003400145300000800179 a978-81-7319-428-3c h a005.13 aDubey G.K.eAuthor aFundamentals of Electrical DrivescDubey G.K.hTextual Documents  a2nd Ed. bNarosa Publishing Housec2011 a392